| 000 | 05173nam a22005537a 4500 | ||
|---|---|---|---|
| 008 | 090122t xxu||||| |||| 00| 0 eng d | ||
| 010 | _aB-358855 | ||
| 020 |
_a9788184510362 _c75.00 |
||
| 035 | _aB-358855 | ||
| 035 | _aB-332366-386 | ||
| 037 | _bBlueberry Books | ||
| 040 |
_adpl _bEnglish |
||
| 082 | _a581 | ||
| 245 |
_aWhich plant gets a nasty surprise?: _band other questions about the plants / _ccompiled by Meesha Khanna; illustrated by Kiran, Mohan and Dayal |
||
| 260 |
_aNew Delhi _bDreamland Publications _c2008 |
||
| 270 |
_aJ-128, Kriti Nagar, _bNew Delhi _e110015 |
||
| 300 |
_a31p.: _bcol. ill. _c26cm(pbk) |
||
| 490 | _aI want to know about-8 | ||
| 500 | _aIncludes index | ||
| 700 | _aKhanna, Meesha | ||
| 700 | _aKiran | ||
| 700 | _aMohan | ||
| 700 | _aDayal | ||
| 942 |
_2ddc _cCH _mWHI _h581 |
||
| 999 |
_c22221 _d22221 |
||